[Event "MNT-chT1"]
[Site "Bar"]
[Date "2015.09.30"]
[Round "5"]
[White "Draganic, Veljko"]
[Black "Geler, Aleksandar"]
[Result "1-0"]
[WhiteElo "2375"]
[BlackElo "2229"]
[PlyCount "89"]
[EventDate "2015.09.26"]
[EventType "team-tourn"]
[EventRounds "9"]
[EventCountry "MNE"]
[SourceTitle "EXT 2017"]
[Source "ChessBase"]
[SourceDate "2016.10.25"]
[SourceVersion "1"]
[SourceVersionDate "2016.10.25"]
[SourceQuality "1"]

1. e4 e5 2. Nf3 Nc6 3. d4 exd4 4. Nxd4 Nf6 5. Nxc6 bxc6 6. e5 Nd5 7. c4 Nb6 8. Bd3 Qh4 9. 0-0 Ba6 10. Nd2 h6 11. g3 Qe7 12. Qe2 d5 13. a4 Qe6 14. b3 Nd7 15. cxd5 Bxd3 16. dxe6 Bxe2 17. exd7+ Kxd7 18. Re1 Bg4 19. Nc4 Rb8 20. Be3 a6 21. Rec1 Bf3 22. e6+ Kxe6 23. Re1 Bb4 24. Ba7+ Bxe1 25. Rxe1+ Kf5 26. Bxb8 Rxb8 27. Re3 Bd5 28. Na5 g5 29. f3 h5 30. Kf2 Rb4 31. Ke2 g4 32. f4 h4 33. Kd2 h3 34. Re5+ Kf6 35. Kc3 Re4 36. Rxe4 Bxe4 37. Nc4 Ke6 38. Ne3 f5 39. Kd4 Bd5 40. b4 Bb3 41. a5 Bd5 42. Kc5 Bb3 43. Kxc6 Ba4+ 44. Kxc7 Bb5 45. Kb6 1-0

[Event "MNT-chT1"]
[Site "Bar"]
[Date "2015.09.29"]
[Round "4"]
[White "Geler, Aleksandar"]
[Black "Sukovic, Andrej"]
[Result "1/2-1/2"]
[WhiteElo "2229"]
[BlackElo "1999"]
[PlyCount "98"]
[EventDate "2015.09.26"]
[EventType "team-tourn"]
[EventRounds "9"]
[EventCountry "MNE"]
[SourceTitle "EXT 2017"]
[Source "ChessBase"]
[SourceDate "2016.10.25"]
[SourceVersion "1"]
[SourceVersionDate "2016.10.25"]
[SourceQuality "1"]

1. d4 Nf6 2. c4 g6 3. Nc3 Bg7 4. e4 d6 5. Nf3 0-0 6. Be2 e5 7. d5 a5 8. Bg5 h6 9. Bh4 Qe8 10. Nd2 Na6 11. b3 Kh7 12. a3 Bd7 13. Rb1 g5 14. Bg3 Kg6 15. b4 Rh8 16. Nf1 Bf8 17. Ne3 h5 18. h4 Bh6 19. Nf5 g4 20. Bd3 Bxf5 21. exf5+ Kg7 22. 0-0 Qe7 23. Re1 Nb8 24. Nb5 axb4 25. axb4 Ra2 26. Qb3 Rd2 27. c5 Na6 28. Bc4 Qd7 29. Rbc1 Rf8 30. Rc3 Nxd5 31. cxd6 cxd6 32. Rd3 Rxd3 33. Qxd3 Nf6 34. Qxd6 Qxd6 35. Nxd6 Bf4 36. Bxf4 exf4 37. b5 Nc5 38. Re7 Nfd7 39. Rxf7+ Rxf7 40. Bxf7 Ne4 41. Nxe4 Kxf7 42. Nd6+ Kf6 43. Nxb7 Kxf5 44. Nd6+ Ke5 45. Nc8 Kd5 46. Kf1 Kc5 47. b6 Nxb6 48. Nxb6 Kxb6 49. Ke2 Kc5 1/2-1/2

[Event "MNT-chT1"]
[Site "Bar"]
[Date "2015.09.27"]
[Round "2"]
[White "Kalezic, Blazo"]
[Black "Geler, Aleksandar"]
[Result "1/2-1/2"]
[WhiteElo "2435"]
[BlackElo "2229"]
[PlyCount "95"]
[EventDate "2015.09.26"]
[EventType "team-tourn"]
[EventRounds "9"]
[EventCountry "MNE"]
[SourceTitle "EXT 2017"]
[Source "ChessBase"]
[SourceDate "2016.10.25"]
[SourceVersion "1"]
[SourceVersionDate "2016.10.25"]
[SourceQuality "1"]

1. e4 e5 2. Nf3 Nc6 3. Bb5 a6 4. Ba4 Nf6 5. 0-0 Be7 6. Re1 b5 7. Bb3 d6 8. a4 Bg4 9. c3 0-0 10. h3 Bxf3 11. Qxf3 Na5 12. Bc2 c5 13. axb5 axb5 14. d3 b4 15. Nd2 Nd7 16. Nf1 Bg5 17. Ne3 Bxe3 18. Bxe3 bxc3 19. bxc3 Qc7 20. Ra3 Nc6 21. Rxa8 Rxa8 22. Bb3 Nd8 23. Bd5 Ra3 24. Rb1 Nf8 25. Qe2 Nfe6 26. Qb2 Ra7 27. g3 g5 28. Kh2 Qe7 29. Qe2 h6 30. Qh5 Kh7 31. h4 Ng7 32. Qg4 gxh4 33. gxh4 Nde6 34. Rg1 Qf6 35. Bxe6 fxe6 36. c4 Qf7 37. Rg3 Ra3 38. Rf3 Qg6 39. Qxg6+ Kxg6 40. Rf8 Rxd3 41. Rh8 Rc3 42. Rxh6+ Kf7 43. Bg5 Rxc4 44. f3 d5 45. Rf6+ Kg8 46. Rg6 Kf7 47. Rf6+ Kg8 48. Rg6 1/2-1/2

[Event "MNT-chT"]
[Site "Ulcinj"]
[Date "2014.09.25"]
[Round "6.1"]
[White "Blagojevic, Dragisa"]
[Black "Geler, Aleksandar"]
[Result "1-0"]
[WhiteElo "2490"]
[BlackElo "2229"]
[PlyCount "113"]
[EventDate "2014.09.20"]
[EventType "team-tourn"]
[EventRounds "9"]
[EventCountry "MNE"]
[SourceTitle "CBM 162 Extra"]
[Source "ChessBase"]
[SourceDate "2014.10.17"]
[SourceVersion "1"]
[SourceVersionDate "2014.10.17"]
[SourceQuality "1"]
[WhiteTeam "Rudar"]
[BlackTeam "Bijela Kruso Niskogradnja"]
[WhiteTeamCountry "MNE"]
[BlackTeamCountry "MNE"]

1. d4 Nf6 2. c4 g6 3. Nf3 Bg7 4. g3 0-0 5. Bg2 d6 6. 0-0 Nbd7 7. Nc3 e5 8. e4 exd4 9. Nxd4 Nc5 10. h3 Re8 11. Re1 h6 12. Kh2 a5 13. b3 c6 14. Rb1 Re5 15. f3 Rh5 16. Be3 Nh7 17. Nce2 Qe7 18. Nf4 Re5 19. Qd2 h5 20. Rbd1 h4 21. g4 Qc7 22. Kh1 Re8 23. Nc2 Bf8 24. Bd4 Bh6 25. Nd5 Bxd2 26. Nxc7 Bxe1 27. Nxe1 Be6 28. Bc3 a4 29. b4 Na6 30. Nxa8 Rxa8 31. Bf1 Rd8 32. f4 Nc7 33. f5 Bc8 34. Nf3 g5 35. Be5 Ne8 36. c5 d5 37. exd5 cxd5 38. Bc4 Nef6 39. Nxg5 Bd7 40. Nxh7 Nxh7 41. Bxd5 Bc6 42. Bd6 Nf6 43. Bxc6 bxc6 44. Kg2 Ne4 45. Rd3 f6 46. Kf3 Ng5+ 47. Kf2 Ne4+ 48. Ke3 Ng5 49. Bf4 Re8+ 50. Kf2 Ne4+ 51. Kf3 Re7 52. Ra3 Kf7 53. Rxa4 Nc3 54. Ra6 Nb5 55. Be3 Nc7 56. Rxc6 Nd5 57. Bd4 1-0

[Event "MNT-chT"]
[Site "Ulcinj"]
[Date "2014.09.20"]
[Round "1.1"]
[White "Geler, Aleksandar"]
[Black "Miroshnichenko, Evgenij"]
[Result "0-1"]
[WhiteElo "2229"]
[BlackElo "2602"]
[PlyCount "78"]
[EventDate "2014.09.20"]
[EventType "team-tourn"]
[EventRounds "9"]
[EventCountry "MNE"]
[SourceTitle "CBM 162 Extra"]
[Source "ChessBase"]
[SourceDate "2014.10.17"]
[SourceVersion "1"]
[SourceVersionDate "2014.10.17"]
[SourceQuality "1"]
[WhiteTeam "Bijela Kruso Niskogradnja"]
[BlackTeam "Elektroprivreda"]
[WhiteTeamCountry "MNE"]
[BlackTeamCountry "MNE"]

1. e4 d5 2. exd5 Qxd5 3. Nc3 Qd6 4. d4 Nf6 5. Bc4 Bg4 6. Nge2 e6 7. 0-0 Be7 8. Bf4 Qb6 9. h3 Bxe2 10. Qxe2 c6 11. Be5 Nbd7 12. Bb3 0-0 13. Na4 Qa5 14. Bg3 Rfe8 15. Rad1 Rad8 16. Nc3 Qf5 17. Rfe1 Bb4 18. Qc4 a5 19. a3 Nb6 20. Qd3 Qxd3 21. Rxd3 Bxc3 22. bxc3 Nfd7 23. c4 Ra8 24. Rde3 a4 25. Ba2 c5 26. c3 Rec8 27. d5 exd5 28. cxd5 c4 29. Re7 g6 30. Rb1 Rc5 31. d6 Rd8 32. Re4 Nf6 33. Re5 Nbd5 34. Rxb7 Rc6 35. Ree7 Nxe7 36. dxe7 Re8 37. Be5 Nd5 38. Bxc4 Rxc4 39. Bd6 f5 0-1

[Event "MNT-chT"]
[Site "Cetinje"]
[Date "2013.06.30"]
[Round "7.1"]
[White "Geler, Aleksandar"]
[Black "Nikcevic, Nebojsa"]
[Result "0-1"]
[WhiteElo "2220"]
[BlackElo "2458"]
[PlyCount "60"]
[EventDate "2013.06.24"]
[EventType "team-tourn"]
[EventRounds "9"]
[EventCountry "MNE"]
[SourceTitle "CBM 155 Extra"]
[Source "ChessBase"]
[SourceDate "2013.08.26"]
[SourceVersion "1"]
[SourceVersionDate "2013.08.26"]
[SourceQuality "1"]
[WhiteTeam "Bijela Kruso Niskogradnja"]
[BlackTeam "Mornar"]
[WhiteTeamCountry "MNE"]
[BlackTeamCountry "MNE"]

1. e4 c5 2. Nf3 Nc6 3. Bb5 g6 4. 0-0 Bg7 5. Bxc6 bxc6 6. Re1 Nf6 7. e5 Nd5 8. d4 cxd4 9. Qxd4 d6 10. Qc4 Qc7 11. exd6 Qxd6 12. Nbd2 0-0 13. a3 Bf5 14. Nb3 Nb6 15. Qe2 Na4 16. Qxe7 Qxe7 17. Rxe7 c5 18. Be3 Bxb2 19. Ra2 Bf6 20. Rc7 Nc3 21. Ra1 Nd5 22. Rxc5 Nxe3 23. fxe3 Bxa1 24. Nxa1 Rfc8 25. Rxc8+ Rxc8 26. Nd4 Rb8 27. Nab3 Bxc2 28. Na5 Rb2 29. Nc4 Ra2 30. Nc6 Be4 0-1

[Event "MNT-chT"]
[Site "Cetinje"]
[Date "2013.06.25"]
[Round "2.1"]
[White "Miladinovic, Igor"]
[Black "Geler, Aleksandar"]
[Result "0-1"]
[WhiteElo "2556"]
[BlackElo "2220"]
[PlyCount "86"]
[EventDate "2013.06.24"]
[EventType "team-tourn"]
[EventRounds "9"]
[EventCountry "MNE"]
[SourceTitle "CBM 155 Extra"]
[Source "ChessBase"]
[SourceDate "2013.08.26"]
[SourceVersion "1"]
[SourceVersionDate "2013.08.26"]
[SourceQuality "1"]
[WhiteTeam "Buducnost"]
[BlackTeam "Bijela Kruso Niskogradnja"]
[WhiteTeamCountry "MNE"]
[BlackTeamCountry "MNE"]

1. d4 Nf6 2. Nf3 d5 3. c4 e6 4. Nc3 Be7 5. Bg5 h6 6. Bh4 dxc4 7. e3 a6 8. Bxc4 b5 9. Bd3 Bb7 10. Qe2 Nbd7 11. 0-0 c5 12. Rfd1 cxd4 13. Nxd4 Qb6 14. a4 b4 15. a5 Qc5 16. Na4 Qxa5 17. e4 Qh5 18. Nf3 0-0 19. Bg3 Rfc8 20. h3 a5 21. Bb5 Nc5 22. Nb6 Nfxe4 23. Nxc8 Rxc8 24. Be5 Nb3 25. Ba6 Bxa6 26. Qxa6 Rf8 27. Rab1 Bc5 28. Kh2 Nxf2 29. Bd6 Nxh3 30. gxh3 Bxd6+ 31. Qxd6 Qxf3 32. Rg1 Rc8 33. Rg2 Nc1 34. Qd2 Nd3 35. Rbg1 g6 36. Rg3 Qf2+ 37. Qxf2 Nxf2 38. Re3 Rc2 39. Kg3 f5 40. Rxe6 Kf7 41. Ra6 Rxb2 42. Kf3 Nxh3 43. Rgxg6 Rb3+ 0-1

[Event "MNT-ch sf"]
[Site "Cetinje"]
[Date "2012.06.28"]
[Round "4"]
[White "Djukanovic, Sreten"]
[Black "Geler, Aleksandar"]
[Result "1-0"]
[WhiteElo "2314"]
[BlackElo "2249"]
[PlyCount "65"]
[EventDate "2012.06.26"]
[EventType "swiss"]
[EventRounds "7"]
[EventCountry "MNE"]
[SourceTitle "EXT 2013"]
[Source "ChessBase"]
[SourceDate "2012.11.22"]
[SourceVersion "1"]
[SourceVersionDate "2012.11.22"]
[SourceQuality "1"]

1. d4 Nf6 2. c4 g6 3. Nc3 Bg7 4. Nf3 0-0 5. e4 d6 6. Be2 e5 7. 0-0 exd4 8. Nxd4 Re8 9. f3 Nc6 10. Be3 Nh5 11. Nxc6 bxc6 12. Qd2 c5 13. Rad1 Bb7 14. Nd5 Bxd5 15. cxd5 Qb8 16. g4 Nf6 17. b4 cxb4 18. Rb1 a5 19. a3 b3 20. a4 Nxe4 21. fxe4 Rxe4 22. Rf4 Qe8 23. Bb5 Qe5 24. Rxb3 Qa1+ 25. Kg2 f5 26. Rxe4 fxe4 27. Qc2 Rf8 28. Rb1 Qe5 29. Be2 h5 30. gxh5 gxh5 31. Kh1 Kh8 32. Qxc7 Qxd5 33. Rb5 1-0

[Event "MNT-ch sf"]
[Site "Cetinje"]
[Date "2012.06.26"]
[Round "1"]
[White "Stamatovic, Vladimir"]
[Black "Geler, Aleksandar"]
[Result "0-1"]
[WhiteElo "1905"]
[BlackElo "2249"]
[PlyCount "68"]
[EventDate "2012.06.26"]
[EventType "swiss"]
[EventRounds "7"]
[EventCountry "MNE"]
[SourceTitle "EXT 2013"]
[Source "ChessBase"]
[SourceDate "2012.11.22"]
[SourceVersion "1"]
[SourceVersionDate "2012.11.22"]
[SourceQuality "1"]

1. e4 e5 2. Nf3 Nc6 3. d4 exd4 4. Nxd4 Nf6 5. Nc3 Bc5 6. Nxc6 bxc6 7. Bd3 d5 8. exd5 cxd5 9. 0-0 0-0 10. Bg5 c6 11. Qf3 Bd6 12. h3 Rb8 13. Rab1 Be5 14. Rfe1 Re8 15. Na4 h6 16. Bh4 Rb4 17. Bxf6 Bxf6 18. b3 Rb8 19. c4 Be6 20. Rbd1 Qa5 21. cxd5 Bxd5 22. Rxe8+ Rxe8 23. Qf5 Re1+ 24. Rxe1 Qxe1+ 25. Kh2 Be6 26. Qe4 Qxf2 27. Qf3 Be5+ 28. Kh1 Qxa2 29. Nc5 Bd5 30. Qe2 Qa1+ 31. Qf1 Qc3 32. Nd7 Bd4 33. Qf5 g6 34. Qf1 Kg7 0-1

[Event "MNT-chT"]
[Site "Tivat"]
[Date "2011.10.10"]
[Round "3.3"]
[White "Perunovic, Milos"]
[Black "Geler, Aleksandar"]
[Result "1-0"]
[WhiteElo "2576"]
[BlackElo "2249"]
[PlyCount "43"]
[EventDate "2011.10.08"]
[EventType "team-tourn"]
[EventRounds "9"]
[EventCountry "MNE"]
[SourceTitle "CBM 144 Extra"]
[Source "ChessBase"]
[SourceDate "2011.10.28"]
[SourceVersion "1"]
[SourceVersionDate "2011.10.28"]
[SourceQuality "1"]
[WhiteTeam "Bar Rumija"]
[BlackTeam "Herceg Novi Bijela"]
[WhiteTeamCountry "MNE"]
[BlackTeamCountry "MNE"]

1. e4 e5 2. Nf3 Nc6 3. Nc3 Nf6 4. Bb5 Nd4 5. Bc4 Nxf3+ 6. gxf3 Bc5 7. Rg1 c6 8. Rxg7 d5 9. exd5 Nh5 10. d4 Nxg7 11. dxc5 Qh4 12. Ne4 0-0 13. Bg5 Qxh2 14. Ke2 cxd5 15. Qg1 Qxg1 16. Rxg1 Bf5 17. Bxd5 Bg6 18. Bxb7 Rab8 19. c6 Bxe4 20. fxe4 f6 21. Bh6 Rf7 22. Rxg7+ 1-0

[Event "MNT-chT"]
[Site "Tivat"]
[Date "2011.10.08"]
[Round "1.2"]
[White "Kovacevic, Aleksandar"]
[Black "Geler, Aleksandar"]
[Result "1-0"]
[WhiteElo "2568"]
[BlackElo "2249"]
[PlyCount "71"]
[EventDate "2011.10.08"]
[EventType "team-tourn"]
[EventRounds "9"]
[EventCountry "MNE"]
[SourceTitle "CBM 144 Extra"]
[Source "ChessBase"]
[SourceDate "2011.10.28"]
[SourceVersion "1"]
[SourceVersionDate "2011.10.28"]
[SourceQuality "1"]
[WhiteTeam "Podgorica Bemax"]
[BlackTeam "Herceg Novi Bijela"]
[WhiteTeamCountry "MNE"]
[BlackTeamCountry "MNE"]

1. e4 e5 2. Nf3 Nc6 3. Bb5 a6 4. Ba4 Nf6 5. 0-0 Be7 6. d3 b5 7. Bb3 0-0 8. a4 b4 9. Re1 d6 10. a5 Bg4 11. c3 Rb8 12. Bc4 bxc3 13. bxc3 d5 14. exd5 Nxd5 15. Qa4 Bxf3 16. Qxc6 Nb4 17. Qxf3 Nc2 18. Qe2 Nxa1 19. Qa2 Nb3 20. Bxb3 Qxd3 21. Bc2 Qb5 22. c4 Qc6 23. Nc3 Bb4 24. Nd5 Qc5 25. Rxe5 Rfe8 26. Rxe8+ Rxe8 27. Be3 Qxa5 28. Qb1 Bd6 29. Bxh7+ Kh8 30. g3 c6 31. Qf5 cxd5 32. Qxf7 Qa1+ 33. Kg2 Qe5 34. Bf5 Rd8 35. Qh5+ Kg8 36. Be6+ 1-0

[Event "MNT-ch 63rd"]
[Site "Tivat"]
[Date "2011.05.28"]
[Round "8"]
[White "Geler, Aleksandar"]
[Black "Marovic, Mato"]
[Result "0-1"]
[WhiteElo "2274"]
[BlackElo "2049"]
[PlyCount "77"]
[EventDate "2011.05.21"]
[EventType "swiss"]
[EventRounds "9"]
[EventCountry "MNE"]
[SourceTitle "CBM 142 Extra"]
[Source "ChessBase"]
[SourceDate "2011.06.27"]
[SourceVersion "1"]
[SourceVersionDate "2011.06.27"]
[SourceQuality "1"]

1. d4 Nf6 2. c4 c5 3. d5 b5 4. cxb5 a6 5. bxa6 Bxa6 6. Nc3 g6 7. f4 d6 8. Nf3 Bg7 9. e4 Bxf1 10. Rxf1 0-0 11. e5 Ne8 12. Kf2 Nc7 13. Kg1 Nd7 14. Be3 Qb8 15. Rf2 Nb6 16. b3 Qb7 17. Rd2 Ra5 18. Rb1 Rb8 19. b4 cxb4 20. Rxb4 Nca8 21. Rdb2 Qc7 22. Qb3 Ra6 23. Na4 dxe5 24. fxe5 Bxe5 25. Rc2 Qd6 26. Bc5 Qf6 27. Bxb6 Nxb6 28. Rc6 Bd6 29. Rbxb6 Rbxb6 30. Nxb6 Qa1+ 31. Kf2 Rxa2+ 32. Rc2 Bc5+ 33. Kg3 Rxc2 34. Qxc2 Bxb6 35. Qc6 Qa7 36. Qe8+ Kg7 37. Ne5 Bf2+ 38. Kh3 Qe3+ 39. Nf3 0-1

[Event "MNT-ch 63rd"]
[Site "Tivat"]
[Date "2011.05.21"]
[Round "1"]
[White "Djukic, Nikola"]
[Black "Geler, Aleksandar"]
[Result "1-0"]
[WhiteElo "2486"]
[BlackElo "2274"]
[PlyCount "91"]
[EventDate "2011.05.21"]
[EventType "swiss"]
[EventRounds "9"]
[EventCountry "MNE"]
[SourceTitle "CBM 142 Extra"]
[Source "ChessBase"]
[SourceDate "2011.06.27"]
[SourceVersion "1"]
[SourceVersionDate "2011.06.27"]
[SourceQuality "1"]

1. e4 e5 2. Nf3 Nc6 3. Bb5 a6 4. Ba4 Nf6 5. 0-0 Be7 6. Re1 b5 7. Bb3 d6 8. c3 0-0 9. h3 Na5 10. Bc2 c5 11. d4 exd4 12. cxd4 Re8 13. Nbd2 cxd4 14. Nxd4 Bb7 15. b3 Bf8 16. Bb2 g6 17. Re2 Rc8 18. Qe1 Bg7 19. Nf1 Qb6 20. Rd1 Nh5 21. Qd2 Nc6 22. Ne3 Nf4 23. Ree1 Ne5 24. Ng4 Nxg4 25. Qxf4 Ne5 26. Bb1 Nc6 27. Qd2 Nxd4 28. Bxd4 Bxd4 29. Qxd4 Qxd4 30. Rxd4 Re6 31. Red1 Rc6 32. f3 Kf8 33. Bd3 Re5 34. b4 Ke7 35. Rd2 g5 36. Kf2 Bc8 37. a4 bxa4 38. Ra2 Rb6 39. Rxa4 Bb7 40. g3 d5 41. Ra5 Rd6 42. exd5 Rexd5 43. Rdxd5 Bxd5 44. Rxa6 Bc6 45. Bxh7 Rf6 46. Be4 1-0

[Event "Tivat Vukmanovic Memorial op"]
[Site "Tivat"]
[Date "2011.04.19"]
[Round "4"]
[White "Blagojevic, Dragisa"]
[Black "Geler, Aleksandar"]
[Result "1/2-1/2"]
[WhiteElo "2524"]
[BlackElo "2280"]
[PlyCount "37"]
[EventDate "2011.04.16"]
[EventType "swiss"]
[EventRounds "9"]
[EventCountry "MNE"]
[SourceTitle "CBM 141 Extra"]
[Source "ChessBase"]
[SourceDate "2011.05.03"]
[SourceVersion "1"]
[SourceVersionDate "2011.05.03"]
[SourceQuality "1"]

1. d4 Nf6 2. c4 g6 3. Nf3 Bg7 4. g3 0-0 5. Bg2 d6 6. 0-0 Nbd7 7. Nc3 e5 8. e4 exd4 9. Nxd4 Nc5 10. h3 c6 11. b3 Re8 12. Re1 h6 13. Rb1 a5 14. Bf4 g5 15. Bc1 Nfd7 16. Be3 Ne5 17. Qd2 Qf6 18. f3 a4 19. f4 1/2-1/2

[Event "Tivat Vukmanovic Memorial op"]
[Site "Tivat"]
[Date "2011.04.18"]
[Round "3"]
[White "Geler, Aleksandar"]
[Black "Rajkovic, Dusan"]
[Result "1-0"]
[WhiteElo "2280"]
[BlackElo "2411"]
[PlyCount "69"]
[EventDate "2011.04.16"]
[EventType "swiss"]
[EventRounds "9"]
[EventCountry "MNE"]
[SourceTitle "CBM 141 Extra"]
[Source "ChessBase"]
[SourceDate "2011.05.03"]
[SourceVersion "1"]
[SourceVersionDate "2011.05.03"]
[SourceQuality "1"]

1. e4 c5 2. Nf3 e6 3. b3 d6 4. Bb2 Nf6 5. Bb5+ Nbd7 6. e5 dxe5 7. Nxe5 Be7 8. Nxd7 Bxd7 9. Bxd7+ Qxd7 10. d3 0-0 11. Nd2 Nd5 12. 0-0 Rac8 13. Nc4 Bf6 14. Bxf6 Nxf6 15. Re1 Nd5 16. Qd2 f6 17. d4 b5 18. Ne3 Nf4 19. g3 Nh3+ 20. Kg2 Ng5 21. d5 c4 22. h4 Nf7 23. bxc4 bxc4 24. Rad1 e5 25. Rb1 Nd6 26. Qc3 f5 27. Qxe5 Rce8 28. Qc3 f4 29. Nxc4 Qc7 30. Rxe8 Rxe8 31. Re1 Rc8 32. Re6 Nxc4 33. Rc6 Qxc6 34. dxc6 Rxc6 35. Qd4 1-0

[Event "Bar op"]
[Site "Bar"]
[Date "2010.11.20"]
[Round "4"]
[White "Tadic, Branko"]
[Black "Geler, Aleksandar"]
[Result "1-0"]
[WhiteElo "2523"]
[BlackElo "2280"]
[PlyCount "85"]
[EventDate "2010.11.18"]
[EventType "swiss"]
[EventRounds "7"]
[EventCountry "YUG"]
[SourceTitle "EXT 2012"]
[Source "ChessBase"]
[SourceDate "2011.11.24"]
[SourceVersion "1"]
[SourceVersionDate "2011.11.24"]
[SourceQuality "1"]

1. Nf3 Nf6 2. c4 e6 3. g3 d5 4. d4 Be7 5. Bg2 0-0 6. Qc2 c5 7. dxc5 Qa5+ 8. Qc3 Qxc5 9. cxd5 Nxd5 10. Qxc5 Bxc5 11. Bd2 Nc6 12. Nc3 Nxc3 13. Bxc3 Bb4 14. Bxb4 Nxb4 15. 0-0 Nc6 16. Rac1 Bd7 17. Rfd1 Rfd8 18. Nd4 Be8 19. Bxc6 bxc6 20. Kf1 Rab8 21. Nb3 Rxd1+ 22. Rxd1 Kf8 23. Rd4 a5 24. Ke1 c5 25. Rd2 Rb5 26. Rc2 a4 27. Nxc5 Rb4 28. Nd3 Rd4 29. Rc5 f6 30. Kd2 e5 31. Kc3 Rd6 32. Rc8 Ke7 33. Rc7+ Kf8 34. b3 axb3 35. axb3 Bh5 36. e3 Bf7 37. b4 Ra6 38. Nc5 Ra3+ 39. Kb2 Ra2+ 40. Kb1 Rxf2 41. b5 e4 42. b6 Bd5 43. Rd7 1-0

[Event "MNT-chT"]
[Site "Cetinje"]
[Date "2010.07.27"]
[Round "4"]
[White "Milanovic, Slavisa"]
[Black "Geler, Aleksandar"]
[Result "1-0"]
[WhiteElo "2370"]
[BlackElo "2325"]
[PlyCount "61"]
[EventDate "2010.07.24"]
[EventType "team-swiss"]
[EventRounds "9"]
[EventCountry "MNE"]
[SourceTitle "CBM 137 Extra"]
[Source "ChessBase"]
[SourceDate "2010.09.01"]
[SourceVersion "1"]
[SourceVersionDate "2010.09.01"]
[SourceQuality "1"]

1. c4 e6 2. Nc3 d5 3. d4 Be7 4. Nf3 Nf6 5. Bf4 0-0 6. e3 c5 7. dxc5 Bxc5 8. cxd5 Nxd5 9. Nxd5 exd5 10. a3 Nc6 11. Bd3 Bb6 12. b4 d4 13. e4 Bg4 14. h3 Bh5 15. g4 Bg6 16. 0-0 a6 17. Rc1 Rc8 18. Bg3 Bc7 19. e5 Bxd3 20. Qxd3 h6 21. b5 axb5 22. Qxb5 Rb8 23. Rcd1 f5 24. Nxd4 Nxd4 25. Qc4+ Kh8 26. Rxd4 Qe7 27. Rfd1 Bb6 28. Rd6 f4 29. Bxf4 Bxf2+ 30. Kxf2 Rxf4+ 31. Qxf4 1-0

[Event "MNT-chT"]
[Site "Cetinje"]
[Date "2009.10.24"]
[Round "8"]
[White "Geler, Aleksandar"]
[Black "Todorovic, Goran N"]
[Result "1/2-1/2"]
[WhiteElo "2330"]
[BlackElo "2384"]
[PlyCount "34"]
[EventDate "2009.09.18"]
[EventType "team-tourn"]
[EventRounds "9"]
[EventCountry "MNE"]
[SourceTitle "EXT 2011"]
[Source "ChessBase"]
[SourceDate "2010.11.26"]
[SourceVersion "1"]
[SourceVersionDate "2010.11.26"]
[SourceQuality "1"]

1. d4 Nf6 2. c4 e6 3. g3 d5 4. Bg2 dxc4 5. Nf3 a6 6. 0-0 Nc6 7. Nc3 Rb8 8. e4 b5 9. d5 Nb4 10. Ne5 Bd6 11. f4 Bc5+ 12. Kh1 Bb7 13. a3 Nd3 14. Nxd3 cxd3 15. Qxd3 exd5 16. Nxd5 Nxd5 17. exd5 0-0 1/2-1/2

[Event "MNT-chT"]
[Site "Cetinje"]
[Date "2009.10.23"]
[Round "7"]
[White "Saric, Igor"]
[Black "Geler, Aleksandar"]
[Result "1/2-1/2"]
[WhiteElo "2315"]
[BlackElo "2330"]
[PlyCount "52"]
[EventDate "2009.09.18"]
[EventType "team-tourn"]
[EventRounds "9"]
[EventCountry "MNE"]
[SourceTitle "EXT 2011"]
[Source "ChessBase"]
[SourceDate "2010.11.26"]
[SourceVersion "1"]
[SourceVersionDate "2010.11.26"]
[SourceQuality "1"]

1. e4 e5 2. Bc4 Nf6 3. d3 Nc6 4. Nc3 Bc5 5. f4 exf4 6. Bxf4 d6 7. Nf3 Na5 8. Bb3 Nxb3 9. axb3 a6 10. d4 Bb4 11. Bg5 h6 12. Bxf6 Qxf6 13. 0-0 Bxc3 14. bxc3 0-0 15. Qd3 Qe7 16. Rae1 Bg4 17. h3 Bxf3 18. Qxf3 c6 19. e5 dxe5 20. Rxe5 Qd7 21. Rfe1 Rfe8 22. Qe4 Rxe5 23. Qxe5 Rd8 24. Qe7 h5 25. Qg5 Re8 26. Qd2 b5 1/2-1/2

[Event "MNT-chT"]
[Site "Cetinje"]
[Date "2009.09.20"]
[Round "3"]
[White "Cetkovic, Miodrag"]
[Black "Geler, Aleksandar"]
[Result "1-0"]
[WhiteElo "2277"]
[BlackElo "2330"]
[PlyCount "65"]
[EventDate "2009.09.18"]
[EventType "team-tourn"]
[EventRounds "9"]
[EventCountry "MNE"]
[SourceTitle "EXT 2011"]
[Source "ChessBase"]
[SourceDate "2010.11.26"]
[SourceVersion "1"]
[SourceVersionDate "2010.11.26"]
[SourceQuality "1"]

1. e4 e5 2. Nf3 Nc6 3. d4 exd4 4. c3 d5 5. exd5 Qxd5 6. cxd4 Bg4 7. Be2 Bb4+ 8. Nc3 Bxf3 9. Bxf3 Qc4 10. Be3 Bxc3+ 11. bxc3 Qxc3+ 12. Kf1 Nge7 13. Rc1 Qa5 14. Qb3 0-0 15. Rc5 Qb4 16. Qxb4 Nxb4 17. Rxc7 Nbd5 18. Rxb7 Rab8 19. Rb3 Rbc8 20. Ke2 Rc2+ 21. Kd3 Rxa2 22. Rc1 a5 23. Rc5 Nb4+ 24. Kc4 Ng6 25. Be4 Na6 26. Rc6 Nb4 27. Rc7 Rd8 28. h3 Kf8 29. Rc3 Ne7 30. Kb3 h6 31. Ra7 Rb8 32. Rcc7 Ra1 33. Rxe7 1-0

[Event "MNT-chT"]
[Site "Herceg Novi"]
[Date "2007.09.09"]
[Round "7"]
[White "Krstic, Mladen"]
[Black "Geler, Aleksandar"]
[Result "0-1"]
[WhiteElo "2332"]
[BlackElo "2348"]
[PlyCount "82"]
[EventDate "2007.09.03"]
[EventType "team-tourn"]
[EventRounds "9"]
[EventCountry "MNE"]
[SourceTitle "CBM 120 Extra"]
[Source "ChessBase"]
[SourceDate "2007.11.01"]
[SourceVersion "1"]
[SourceVersionDate "2007.11.01"]
[SourceQuality "1"]

1. e4 e5 2. Nf3 Nc6 3. Bc4 Nf6 4. d4 exd4 5. e5 d5 6. Bb5 Ne4 7. Nxd4 Bc5 8. Be3 Bd7 9. Bxc6 bxc6 10. 0-0 0-0 11. f3 Ng5 12. Kh1 Bb6 13. c3 Ne6 14. a4 a5 15. f4 f5 16. Nd2 Bxd4 17. cxd4 c5 18. dxc5 d4 19. Bg1 Bc6 20. Nf3 Qd5 21. Qd2 Rfd8 22. Rac1 Rab8 23. Ne1 Rb3 24. Rf3 Rxf3 25. Nxf3 Rb8 26. Bxd4 Rd8 27. Be3 Qe4 28. Qf2 Nxf4 29. Bxf4 Qxf4 30. Re1 Be4 31. e6 Kf8 32. Qg3 Qxg3 33. hxg3 Ke7 34. Re3 Kxe6 35. b4 axb4 36. Rb3 Rb8 37. a5 Bd5 38. Rb2 Bxf3 39. gxf3 Kd5 40. a6 Kxc5 41. Rc2+ Kb6 0-1